GeoGuessr - US telephone area codes - Level 14 - Statistics

General Stats
  • This quiz has been taken 16 times
  • The average score is 34 of 133
Answer Stats
Hint Answer % Correct
475 Connecticut
50%
930 Indiana
50%
785 Kansas
50%
240 Maryland
50%
410 Maryland
50%
443 Maryland
50%
603 New Hampshire
50%
253 Washington
50%
202 Washington, D.C.
50%
205 Alabama
25%
251 Alabama
25%
256 Alabama
25%
334 Alabama
25%
659 Alabama
25%
938 Alabama
25%
907 Alaska
25%
480 Arizona
25%
520 Arizona
25%
602 Arizona
25%
623 Arizona
25%
928 Arizona
25%
479 Arkansas
25%
501 Arkansas
25%
870 Arkansas
25%
303 Colorado
25%
719 Colorado
25%
720 Colorado
25%
970 Colorado
25%
203 Connecticut
25%
860 Connecticut
25%
959 Connecticut
25%
302 Delaware
25%
808 Hawaii
25%
208 Idaho
25%
986 Idaho
25%
219 Indiana
25%
260 Indiana
25%
317 Indiana
25%
463 Indiana
25%
574 Indiana
25%
319 Iowa
25%
515 Iowa
25%
563 Iowa
25%
641 Iowa
25%
712 Iowa
25%
316 Kansas
25%
913 Kansas
25%
270 Kentucky
25%
364 Kentucky
25%
502 Kentucky
25%
606 Kentucky
25%
859 Kentucky
25%
225 Louisiana
25%
318 Louisiana
25%
337 Louisiana
25%
504 Louisiana
25%
985 Louisiana
25%
207 Maine
25%
227 Maryland
25%
301 Maryland
25%
667 Maryland
25%
218 Minnesota
25%
320 Minnesota
25%
507 Minnesota
25%
612 Minnesota
25%
651 Minnesota
25%
763 Minnesota
25%
952 Minnesota
25%
228 Mississippi
25%
662 Mississippi
25%
769 Mississippi
25%
314 Missouri
25%
557 Missouri
25%
573 Missouri
25%
636 Missouri
25%
660 Missouri
25%
816 Missouri
25%
975 Missouri
25%
406 Montana
25%
308 Nebraska
25%
402 Nebraska
25%
531 Nebraska
25%
702 Nevada
25%
725 Nevada
25%
775 Nevada
25%
505 New Mexico
25%
575 New Mexico
25%
701 North Dakota
25%
405 Oklahoma
25%
580 Oklahoma
25%
918 Oklahoma
25%
458 Oregon
25%
503 Oregon
25%
541 Oregon
25%
971 Oregon
25%
401 Rhode Island
25%
803 South Carolina
25%
843 South Carolina
25%
854 South Carolina
25%
864 South Carolina
25%
605 South Dakota
25%
423 Tennessee
25%
629 Tennessee
25%
731 Tennessee
25%
865 Tennessee
25%
901 Tennessee
25%
931 Tennessee
25%
385 Utah
25%
435 Utah
25%
801 Utah
25%
802 Vermont
25%
206 Washington
25%
360 Washington
25%
425 Washington
25%
509 Washington
25%
564 Washington
25%
771 Washington, D.C.
25%
304 West Virginia
25%
681 West Virginia
25%
262 Wisconsin
25%
274 Wisconsin
25%
414 Wisconsin
25%
534 Wisconsin
25%
715 Wisconsin
25%
920 Wisconsin
25%
307 Wyoming
25%
765 Indiana
0%
812 Indiana
0%
620 Kansas
0%
601 Mississippi
0%
417 Missouri
0%
615 Tennessee
0%
608 Wisconsin
0%
No matching quizzes found
Score Distribution
Percent of People with Each Score
Percentile by Number Answered
Your Score History
You have not taken this quiz